MARC

LEADER 00000nam0a2200000 4500
001 142815
005 20231031142901.0
010 |a 5203000905 
020 |a RU  |b 90-5295 
035 |a (RuTPU)RU\TPU\book\154772 
090 |a 142815 
100 |a 20080912d1990 m y0rusy5003 ca 
101 0 |a rus 
102 |a RU 
105 |a y z 000ay 
200 1 |a Высота  |e Роман  |f И. Г. Лазутин 
210 |a Москва  |c Воениздат  |d 1990 
215 |a 414,[2] с.  |d 21 см 
610 1 |a битва под Москвой 
610 1 |a советская литература 
610 1 |a романы 
675 |a Р2  |z rus 
700 1 |a Лазутин  |b И. Г.  |g Иван Георгиевич  |4 070 
801 0 |a RU  |b RuMRKP  |c 19950417  |g psbo 
801 1 |a RU  |b 63413507  |c 20080912  |g PSBO 
801 2 |a RU  |b 63413507  |c 20140219  |g PSBO 
942 |c BK